<?xml version='1.0' encoding='UTF-8'?>
  <record xmlns="http://www.loc.gov/MARC21/slim">
    <leader>00000cam a22000007i 4500</leader>
    <controlfield tag="001">ocn901248449</controlfield>
    <controlfield tag="003">OCoLC</controlfield>
    <controlfield tag="005">20240210061653.1</controlfield>
    <controlfield tag="008">150127s1591    gw            000 0 ger d</controlfield>
    <datafield tag="040" ind1=" " ind2=" ">
      <subfield code="a">NLGGC</subfield>
      <subfield code="b">eng</subfield>
      <subfield code="e">rda</subfield>
      <subfield code="e">dcrmr</subfield>
      <subfield code="c">NLGGC</subfield>
      <subfield code="d">QGJ</subfield>
      <subfield code="d">OCL</subfield>
      <subfield code="d">OCLCO</subfield>
      <subfield code="d">OCLCL</subfield>
    </datafield>
    <datafield tag="029" ind1="0" ind2=" ">
      <subfield code="a">NLGGC</subfield>
      <subfield code="b">388327618</subfield>
    </datafield>
    <datafield tag="035" ind1=" " ind2=" ">
      <subfield code="a">(OCoLC)901248449</subfield>
    </datafield>
    <datafield tag="245" ind1="0" ind2="0">
      <subfield code="a">Historia von der Liga in Frankreich. :</subfield>
      <subfield code="b">Darin kürtz, einfeltig, unparteyisch und Summarischer Weise begriffen unnd verfasset, was im Königreich Franckreich seidher die Liga daselbs auffgericht, sich zugetragen und verlauffen hat, was für Scharmützel und Schlachte da geschehen, was für Fürsten und Herzen da umbkommen, was für Stedte Schlösser und Festung belägert, eingenohmen, oder entsatzt seindt, auch was für Schrifft gemelter Liga betreffend am tag kommen, biß auff diese Fasten Meß, Im jhar nach der Jungfrawen Geburt. 1591. Die fürnhembste unnd gedenckwürdigste Schriftt, Nemlich die Liga. Die Meynung oder beduncken Königs Heinrich, des dritten von derselbiger, die Antwort des Königs von Navarra auff gemelte Liga, die Erinnerung bey die Herrn vom Parlament zu Pariß gethan, gemelten König Heinreich dem dritten, unnd ander, seind gantz unverstummelt, unverendert, unnd unverkürtzt diesem einverleibet, die ander geringer, aber nur Summarische weise. /</subfield>
      <subfield code="c">Hie zu gehöret eine kleine Mappa, von der Landschafft umb Pariß, da vil fürnheme Schlachte und sonst anders geschehen, und noch zehen ander Kupfferstuck, welche für augen stellen die gedenckwürdisgte händel, so im gemelten Königreich Franckreich verlauffen unnd zugetragen.</subfield>
    </datafield>
    <datafield tag="246" ind1="1" ind2="7">
      <subfield code="a">Relation, oder Beschreibung Von der Liga in Franckreich</subfield>
    </datafield>
    <datafield tag="264" ind1=" " ind2="1">
      <subfield code="a">[Cologne?] :</subfield>
      <subfield code="b">[publisher not identified],</subfield>
      <subfield code="c">1591.</subfield>
    </datafield>
    <datafield tag="300" ind1=" " ind2=" ">
      <subfield code="a">[2], 40, [1] leaves ;</subfield>
      <subfield code="c">27 cm (folio)</subfield>
    </datafield>
    <datafield tag="336" ind1=" " ind2=" ">
      <subfield code="a">text</subfield>
      <subfield code="b">txt</subfield>
      <subfield code="2">rdacontent</subfield>
    </datafield>
    <datafield tag="337" ind1=" " ind2=" ">
      <subfield code="a">unmediated</subfield>
      <subfield code="b">n</subfield>
      <subfield code="2">rdamedia</subfield>
    </datafield>
    <datafield tag="338" ind1=" " ind2=" ">
      <subfield code="a">volume</subfield>
      <subfield code="b">nc</subfield>
      <subfield code="2">rdacarrier</subfield>
    </datafield>
    <datafield tag="340" ind1=" " ind2=" ">
      <subfield code="m">folio</subfield>
      <subfield code="2">rdabf</subfield>
    </datafield>
    <datafield tag="500" ind1=" " ind2=" ">
      <subfield code="a">Errors is paging: leaf 3 unnumbered; leaf 4 numbered 3.</subfield>
    </datafield>
    <datafield tag="500" ind1=" " ind2=" ">
      <subfield code="a">Signatures: A-X² [Y²] ([Y2] is blank).</subfield>
    </datafield>
    <datafield tag="500" ind1=" " ind2=" ">
      <subfield code="a">Title and text within double rule border; initial.</subfield>
    </datafield>
    <datafield tag="500" ind1=" " ind2=" ">
      <subfield code="a">Publisher is possibly Lambertus Andreae in Cologne.</subfield>
    </datafield>
    <datafield tag="500" ind1=" " ind2=" ">
      <subfield code="a">An account, compiled from contemporary newsletters, of the activities of the Catholic League from March 1585 to March 1591.</subfield>
    </datafield>
    <datafield tag="510" ind1="4" ind2=" ">
      <subfield code="a">Verzeichnis der im deutschen Sprachbereich erschienenen Drucke des 16. Jahrhunderts (VD 16),</subfield>
      <subfield code="c">H 3961</subfield>
    </datafield>
    <datafield tag="610" ind1="2" ind2="0">
      <subfield code="a">Sainte Ligue (1576-1593)</subfield>
      <subfield code="x">History.</subfield>
    </datafield>
    <datafield tag="651" ind1=" " ind2="0">
      <subfield code="a">France</subfield>
      <subfield code="x">History</subfield>
      <subfield code="y">Henry III, 1574-1589.</subfield>
    </datafield>
    <datafield tag="651" ind1=" " ind2="0">
      <subfield code="a">France</subfield>
      <subfield code="x">History</subfield>
      <subfield code="y">Henry IV, 1589-1610.</subfield>
    </datafield>
    <datafield tag="651" ind1=" " ind2="0">
      <subfield code="a">France</subfield>
      <subfield code="x">History</subfield>
      <subfield code="y">Wars of the Huguenots, 1562-1598.</subfield>
    </datafield>
    <datafield tag="651" ind1=" " ind2="6">
      <subfield code="a">France</subfield>
      <subfield code="x">Histoire</subfield>
      <subfield code="y">1574-1589 (Henri III)</subfield>
    </datafield>
    <datafield tag="651" ind1=" " ind2="6">
      <subfield code="a">France</subfield>
      <subfield code="x">Histoire</subfield>
      <subfield code="y">1589-1610 (Henri IV)</subfield>
    </datafield>
    <datafield tag="651" ind1=" " ind2="6">
      <subfield code="a">France</subfield>
      <subfield code="x">Histoire</subfield>
      <subfield code="y">1562-1598 (Guerres de religion)</subfield>
    </datafield>
    <datafield tag="610" ind1="2" ind2="7">
      <subfield code="a">Sainte Ligue (1576-1593)</subfield>
      <subfield code="2">fast</subfield>
    </datafield>
    <datafield tag="651" ind1=" " ind2="7">
      <subfield code="a">France</subfield>
      <subfield code="2">fast</subfield>
      <subfield code="1">https://id.oclc.org/worldcat/entity/E39PBJd8gD4vdtqQMdQHvYqbBP</subfield>
    </datafield>
    <datafield tag="647" ind1=" " ind2="7">
      <subfield code="a">Wars of the Huguenots</subfield>
      <subfield code="c">(France :</subfield>
      <subfield code="d">1562-1598)</subfield>
      <subfield code="2">fast</subfield>
      <subfield code="0">(OCoLC)fst01355311</subfield>
      <subfield code="1">https://id.oclc.org/worldcat/entity/E39Qhp4vB9BhMy3bgGCqQGgxhb</subfield>
    </datafield>
    <datafield tag="648" ind1=" " ind2="7">
      <subfield code="a">1562-1610</subfield>
      <subfield code="2">fast</subfield>
    </datafield>
    <datafield tag="655" ind1=" " ind2="7">
      <subfield code="a">History</subfield>
      <subfield code="2">fast</subfield>
    </datafield>
    <datafield tag="700" ind1="1" ind2=" ">
      <subfield code="a">Andreae, Lambert,</subfield>
      <subfield code="d">-1597,</subfield>
      <subfield code="e">associated name.</subfield>
      <subfield code="4">asn</subfield>
      <subfield code="1">https://id.oclc.org/worldcat/entity/E39PCjCWgRk4jgwvj38qHDwDMP</subfield>
    </datafield>
    <datafield tag="752" ind1=" " ind2=" ">
      <subfield code="a">Germany</subfield>
      <subfield code="d">Cologne</subfield>
      <subfield code="e">publication place.</subfield>
      <subfield code="4">pup</subfield>
    </datafield>
    <datafield tag="758" ind1=" " ind2=" ">
      <subfield code="i">has work:</subfield>
      <subfield code="a">Historia von der Liga in Frankreich (Text)</subfield>
      <subfield code="1">https://id.oclc.org/worldcat/entity/E39PCYRJ8pJrHRcY7vvvPcrtqP</subfield>
      <subfield code="4">https://id.oclc.org/worldcat/ontology/hasWork</subfield>
    </datafield>
    <datafield tag="787" ind1="0" ind2="8">
      <subfield code="i">Complemented by (work):</subfield>
      <subfield code="t">Ander Theil, der Historien von der Liga in Franckreich.</subfield>
      <subfield code="d">1596.</subfield>
      <subfield code="w">(OCoLC)1350358026</subfield>
    </datafield>
  </record>